theHunter: Call of the Wild Quiz - Statistics

General Stats
  • This quiz has been taken 268 times
  • The average score is 9 of 15
Answer Stats
Question Answer % Correct
What is not a type of dog in the game? English Springer Spaniel
86%
What map doesn't have whitetail deer? Silver Ridge Peaks
84%
What reserve does not have a bear species? Cuatro Colinas
74%
What animal range does the .243 Ranger cover? 2-6
72%
What class is the Raccoon Dog? 2
67%
What map contains European Rabbits? Hirschfelden Hunting Reserve
65%
What is not a rare fur type for lions? Tan
64%
What map has ring-necked pheasants? New England Mountains
61%
Which animal is class 3? Axis Deer
60%
What is a score a goldeneye duck can have? 1010
58%
What animal isn't in the game? White Ptarmigan
57%
What reserve was created first? Yukon Valley
50%
Which of these is a real weapon in the game? Razorback Lite Compound Bow
42%
What animal is in the game? Gadwall
41%
What animal is not in Revontuli Coast? Harlequin Duck
41%
No matching quizzes found
Score Distribution
Percent of People with Each Score
Percentile by Number Answered
Your Score History
You have not taken this quiz